000 00804nam a2200169 i 4500
001 170916
003 ES-MaACL
005 20230906214510.0
008 090416s1861 sp |||| | spa d
080 _a821.134.2-2"18"
100 1 _aEguilaz, Luis de.
_946758
245 1 3 _aLa cruz del matrimonio
_b: comedia original en tres actos y en verso /
_cde Luis de Eguilaz.
260 _aMadrid :
_b[s.n.],
_c1861 (
_fImp. de José Rodríguez)
300 _a83 p. ;
_c17 cm.
500 _aEn port.: Representada por primera vez en el teatro Variedades la noche del 28 de noviembre de 1861.
852 _aES-MaACL
_jF-8570(3)
_z.- Enc. pasta española
_q.- Falto de la cub. original
_z.- Enc. en un vol. facticio, formando parte de la col. "Teatro español moderno", vol. 23
_z.- Firma ms. de Gustavo Saenz Diez
999 _c170916
_d170916